00857nam a2200217 a 4500001001000000003000500010005001700015008004100032010001100073011001100084040000900095100003100104245015300135260004100288500006000329502007800389650004200467650002800509650003200537856007000569000114731CHAP20220329144455.0180403s2018 mx |sm |||||||spa d a111192 a112164 cCHAP1 aWaldjana Deruisseau, Marie10aCalidad nutrimental de pulpa de cítricos de diferentes especies y procedencias en México y Haitíh[En línea]cpor Waldjana Deruisseau Marie. aChapingo, Méx. :bEl autor,c2018. aPara ver el contenido del material haga clic en la liga aTesis (M. C. en Innovación Ganadera) -- UACH. Departamento de Zootecnia14aAlimentos y alimentación del ganado14aCítricosxAnálisis.14aCítricosxDigestibilidad. aFinding aiduhttp://10.13.5.2/tesis/sist114731.pdfzTeclea aquí